00501nam a2200169Ia 450000500170000000800410001702000150005808200130007310000210008624500280010726000370013530000170017250000360018994200060022595200850023199900150031620250411070124.0240331s9999 xx 000 0 und d a9559564617 a891bEMB aKurukulasuriya,K 0aEbilipitiye mineemaruwo aBattaramullabAnura Horacec1994 aXi, 104 p ., aA book about Embilipity Murders cL 001040708LaWERCLbWERCLcSSCd2024-03-31l0p3330r2024-03-31w2024-03-31yL c4848d4848